Gringo viejo
Representación de la realidad de un México en tiempo de revueltas en la que un estadounidense-periodista, decide pasar la frontera para unirse al jefe de la revolución en ese momento, Pancho Villa. Esta historia está basada en el periodista y escritor Ambrose Bierce y fue escrita en 1985. La temátic...
Uloženo v:
| Hlavní autor: | |
|---|---|
| Médium: | Kniha |
| Jazyk: | Undetermined |
| Vydáno: |
México, Distrito Federal
Fondo de Cultura Económica
1986
|
| Témata: | |
| Tagy: |
Přidat tag
Žádné tagy, Buďte první, kdo vytvoří štítek k tomuto záznamu!
|
MARC
| LEADER | 00000nam a2200000Ia 4500 | ||
|---|---|---|---|
| 008 | 170316s9999 xx 000 0 und d | ||
| 040 | |a cru BVZT | ||
| 090 | |a 860 F-9g | ||
| 100 | |a Fuentes, Carlos |9 305 | ||
| 245 | |a Gringo viejo | ||
| 260 | |a México, Distrito Federal | ||
| 260 | |b Fondo de Cultura Económica | ||
| 260 | |c 1986 | ||
| 300 | |a 189 páginas | ||
| 520 | |a Representación de la realidad de un México en tiempo de revueltas en la que un estadounidense-periodista, decide pasar la frontera para unirse al jefe de la revolución en ese momento, Pancho Villa. Esta historia está basada en el periodista y escritor Ambrose Bierce y fue escrita en 1985. La temática principal es la muerte. | ||
| 650 | |a LITERATURA LATINOAMERICANA |9 15 | ||
| 999 | |c 8674 |d 8674 | ||
| 942 | |c 15 D |h 860 F-9g |2 z | ||
